000 00628nam a2200241Ia 4500
003 OSt
005 20221005130016.0
006 a|||||r|||| 00| 0
007 ta
008 221004b |||||||| |||| 00| 0 tam d
024 _a48364
037 _cTextual
040 _aCRL
_cCRL
_btam
041 _2tam
_atam
082 _aO31,1G25:g, J7.1-8
100 _aPandyan Jegaveera Au.
_9636411
245 0 _aPulavar uldgam
260 _c1957
650 _a TAMIL POETRY
650 _aTAMIL LITERATURE
942 _hO31,1G25:g, J7.1-8
_cTEXL
_2cc
999 _c1055766
_d1055766